<?xml version="1.0" encoding="UTF-8"?>
<collection xmlns="http://www.loc.gov/MARC21/slim">
 <record>
  <leader>     na                 </leader>
  <controlfield tag="001">INLIS000000000005701</controlfield>
  <controlfield tag="005">20231026012053</controlfield>
  <controlfield tag="007">ta</controlfield>
  <controlfield tag="008">231026                           0 ind  </controlfield>
  <datafield tag="020" ind1=" " ind2=" ">
   <subfield code="a">978-602-8570-18-3</subfield>
  </datafield>
  <datafield tag="035" ind1=" " ind2=" ">
   <subfield code="a">0010-1023000624</subfield>
  </datafield>
  <datafield tag="082" ind1=" " ind2=" ">
   <subfield code="a">001.42</subfield>
  </datafield>
  <datafield tag="084" ind1=" " ind2=" ">
   <subfield code="a">001.42 MSO m</subfield>
  </datafield>
  <datafield tag="100" ind1="0" ind2=" ">
   <subfield code="a">Msopiyudin Dahlan</subfield>
  </datafield>
  <datafield tag="245" ind1="1" ind2=" ">
   <subfield code="a">Membaca Dan menelaah jurnal uji klinis /</subfield>
   <subfield code="c">Msopiyudin Dahlan</subfield>
  </datafield>
  <datafield tag="260" ind1=" " ind2=" ">
   <subfield code="a">Jakarta :</subfield>
   <subfield code="b">Penerbit Salemba,</subfield>
   <subfield code="c">2010</subfield>
  </datafield>
  <datafield tag="300" ind1=" " ind2=" ">
   <subfield code="a">166p :</subfield>
   <subfield code="b">Ilus. ;</subfield>
   <subfield code="c">24cm</subfield>
  </datafield>
  <datafield tag="520" ind1=" " ind2=" ">
   <subfield code="a">Buku yang ada di tangan pembaca ini mengupas bagaimana cara membaca dan menelaah jurnal uji klinis. Buku ini dibagi menjadi tiga bagian, yaitu pengantar, membaca jurnal secara aktif, dan menelaah jurnal. Pada bagian pertama, penulis menyampaikan beberapa prinsip utama membaca dan menelaah jurnal uji klinis. Prinsip utama ini berkaitan dengan telaah jurnal pada evidence-based medicine (EBM) dan kegiatan ilmiah lainnya, perumpamaan telaah jurnal dengan kehidupan sehari-hari, komponen telaah jurnal, serta prinsip membaca secara aktif. Pada bagian kedua, yang terdiri atas sembilan bab, penulis membahas mengenai komponen jurnal satu per satu mulai dari pendahuluan (Bab 2), metodologi (Bab 3 sampai dengan Bab 9) dan diskusi (Bab 10). Setiap bab dibagi menjadi empat bagian, yaitu apa yang harus ditelusuri, penjelasan, kaitan dengan telaah jurnal, serta latihan. Pada bagian ketiga, penulis menyajikan contoh telaah jurnal.</subfield>
  </datafield>
  <datafield tag="650" ind1=" " ind2=" ">
   <subfield code="a">Membaca Dan menelaah jurnal</subfield>
  </datafield>
  <datafield tag="990" ind1=" " ind2=" ">
   <subfield code="a">0070400200704</subfield>
  </datafield>
  <datafield tag="990" ind1=" " ind2=" ">
   <subfield code="a">0070400200704</subfield>
  </datafield>
  <datafield tag="990" ind1=" " ind2=" ">
   <subfield code="a">0070400200704</subfield>
  </datafield>
  <datafield tag="990" ind1=" " ind2=" ">
   <subfield code="a">0070400200704</subfield>
  </datafield>
  <datafield tag="990" ind1=" " ind2=" ">
   <subfield code="a">0070400200704</subfield>
  </datafield>
  <datafield tag="990" ind1=" " ind2=" ">
   <subfield code="a">0070500200705</subfield>
  </datafield>
  <datafield tag="990" ind1=" " ind2=" ">
   <subfield code="a">0070500200705</subfield>
  </datafield>
  <datafield tag="990" ind1=" " ind2=" ">
   <subfield code="a">0070500200705</subfield>
  </datafield>
  <datafield tag="990" ind1=" " ind2=" ">
   <subfield code="a">0070500200705</subfield>
  </datafield>
  <datafield tag="990" ind1=" " ind2=" ">
   <subfield code="a">0070500200705</subfield>
  </datafield>
  <datafield tag="990" ind1=" " ind2=" ">
   <subfield code="a">0070600200706</subfield>
  </datafield>
  <datafield tag="990" ind1=" " ind2=" ">
   <subfield code="a">0070600200706</subfield>
  </datafield>
  <datafield tag="990" ind1=" " ind2=" ">
   <subfield code="a">0070600200706</subfield>
  </datafield>
  <datafield tag="990" ind1=" " ind2=" ">
   <subfield code="a">0070600200706</subfield>
  </datafield>
  <datafield tag="990" ind1=" " ind2=" ">
   <subfield code="a">0070600200706</subfield>
  </datafield>
 </record>
</collection>
